Inštruktáž sudcov miestnych ľudových súdov

Bibliographic Details
Main Author: Milat, F. (Author)
Format: Article
Language:Slovak

MARC

LEADER 00000nab a2200000uu 4500
001 vtls011485087
003 SK-MaSNL
005 20260303155558.0
008 230222|1961 xo |||||||||||||||||slo|
015 |a SNBRB 
035 |a (urnnbn)urn:nbn:sk:snk:ar-00785k 
035 |a (uuid)b0f34d7a-8de9-4833-8d49-5d2b1bdf9e32 
035 |a urn:nbn:sk:snk-abdbjd 
040 |a SNKBUCL  |b slo  |c SNKBUCL  |e AACR2 
041 0 |a slo 
044 |a xo  |c SK 
100 1 |a Milat, F.  |4 aut  |9 1172163 
245 1 0 |a Inštruktáž sudcov miestnych ľudových súdov  |c F. Milat 
773 0 |t Socialistické súdnictvo : časopis pre právnu prax  |g Roč. 13, č. 10 (1961), s. 313 
954 |a odborná, vedecká literatúra pôvodná (slovenská)  |2 lita 
958 |a OND 
958 |a EUIPO 
958 |a article18 
999 |c 2041007  |d 2042937